Unsuited : How We Can Reject Conventional Career Advice and Find Empowerment /

Con base en la experiencia del autor, se ofrece una guía práctica para estrechar el paso de los estudios hacia el trabajo. Pero no cualquier ocupación sino una que, fundamentada en las aptitudes y valores personales, satisfagan el nuevo integrante de la fuerza laboral, más allá de lo que tradicional...

Ausführliche Beschreibung

Gespeichert in:
Bibliographische Detailangaben
1. Verfasser: Clements, Ryan (autor)
Format: Buch
Sprache:Englisch
Veröffentlicht: Rotterdam, Holanda : Sense, 2014, c2014
Schriftenreihe:(Transgressions: Cultural Studies and Education ; 101)
Schlagworte:
Online-Zugang:Ver documento en línea
Tags: Tag hinzufügen
Keine Tags, Fügen Sie das erste Tag hinzu!

MARC

LEADER 00000nam^a2200000^a^4500
001 000432194
005 20251023000000.0
009 20260310123008.326
020 |a 978-94-6209-647-9 
037 |a Acervo ITESO - Biblioteca 
041 |a ING 
082 |a 658. 11  |b CLE 
100 |a Clements, Ryan  |e (autor) 
245 1 0 |a Unsuited :  |b How We Can Reject Conventional Career Advice and Find Empowerment /  |c R. Clements. 
264 4 |a Rotterdam, Holanda :  |b Sense,  |c 2014, c2014 
264 2 |a Cham, Suiza :  |b Springer Link [distribución],  |c 2014 
300 |a 1 libro electrónico en línea ([VIII], 169 p.) 
300 |a 1 recurso en línea 
336 |a datos para computadora  |b cod  |2 rdacontenido 
337 |a computadora  |b c  |2 rdamedio 
338 |a recurso en línea  |b cr  |2 rdasoporte 
440 1 |a (Transgressions: Cultural Studies and Education ;  |v 101) 
506 0 |a Licencias ilimitadas 
520 |a Con base en la experiencia del autor, se ofrece una guía práctica para estrechar el paso de los estudios hacia el trabajo. Pero no cualquier ocupación sino una que, fundamentada en las aptitudes y valores personales, satisfagan el nuevo integrante de la fuerza laboral, más allá de lo que tradicionalmente se le ha enseñado; se trata de ser auténticos y creativos para trabajar en algo que se ama y, además, de disfrutar el camino hacia la consecución de los objetivos personales. También implica no perder de vista los riesgos que puede conllevar esta decisión y no decaer ante ellos. 
649 |a XX 
650 |a Emprendedores (Empresarios) -  |x Tema Principal 
650 |a Emprendimiento 
650 |a Creatividad en los Negocios 
650 |a Orientación Vocacional -  |x Tema Principal 
650 |a Satisfacción Laboral -  |x Tema Principal 
650 |a Exito Profesional 
650 |a Aptitud Profesional 
650 |a Desarrollo Profesional -  |x Tema Principal 
650 |a Ocupaciones (Economía) 
650 |a Riesgo (Probabilidad) 
650 |a Proyecto de Vida -  |x Tema Principal 
650 |a Administración 
650 |a Ciencias Administrativas 
856 4 0 |u https://link-springer-com.ezproxy.iteso.mx/10.1007/978-94-6209-647-9  |y Ver documento en línea 
910 |a Fondo General 
920 |a Electrónicos - Libros en Línea 
930 |a Plataforma Digital 
905 |a 205 
901 |a 432194-1  |b IT2  |c EBO  |i C172346  |u 20250521 
902 |a https://opac.biblio.iteso.mx/vufind/Record/000432194